000 00414nam a2200181 i 4500
001 bgj
100 1 _aFOLLET, Ken.
245 1 0 _aTriple /
_cKen Follet.
260 _aNew York :
_bArbor House,
_cc. 1979.
300 _a307, [1] pp ;
_c22 cm.
650 9 _aIsrael
650 9 _aSpy stories
655 _aFiction
040 _cBPK
041 0 _aeng
942 _cKS
008 s uk f |000 0 eng
999 _c48527
_d48527
856 _uhttp://koha.tu.koszalin.pl/cgi-bin/koha/opac-detail.pl?biblionumber=48527
_yKatalog online BPK